00322nam a22001097a 4500008004100000020002200041082001000063100002000073245006800093260003400161300001700195230228b |||||||| |||| 00| 0 eng d a978-81-8495-674-0 a158.1 aDamrong Pinkoon aDream Come True:bThe Fundamentals for Success in Life Revealed bJaico Publishing House,c2015 a209 p.c18cm